[Event "66. BEM 2012"]
[Site "Dortmund"]
[Date "2012.03.01"]
[Round "3.7"]
[White "Sonntag, Joachim"]
[Black "Horenburg, Oliver"]
[Result "1-0"]
[WhiteElo "1752"]
[BlackElo "1762"]
[Annotator "P. Schulenburg"]
[PlyCount "113"]
[EventDate "2012.??.??"]
[Source "SG Dortmund"]
[SourceDate "2004.12.16"]

1. e4 e5 2. Nf3 Nc6 3. Bb5 Nf6 4. O-O Nxe4 5. d4 Nd6 6. Bxc6 dxc6 7. dxe5 Nf5
8. Qxd8+ Kxd8 9. Nc3 h6 10. Ne4 c5 11. c4 Kd7 12. b3 Kc6 13. Bb2 Be6 14. Rad1
Ne7 15. h3 Ng6 16. Kh2 a5 17. a4 b6 18. Ne1 Be7 19. f4 Bf5 20. Ng3 Nh4 21. Rf2
$2 ({Der Partiezug ist eine positionelle Fehlentscheidung. Weiss haette
unbedingt den weissfeldrigen Laeufer des Gegners eliminieren sollen, denn just
er ist langfristig das groesste Hemmnis fuer die Mobilisierung der weissen
Bauernmajoritaet am Koenigsfluegel. Also:} 21. Nxf5 $1 Nxf5 {
und nun zum Beispiel} 22. Nc2 h5 23. g3 {und Weiss besaesse wegen des nicht
aktiv einsetzbaren schwarzen Doppelbauernkomplexes am Damenfluegel  praktisch
einen Bauern mehr. Weiss wuerde seinen Koenig naeher ans Zentrum bringen und
ueber kurz oder lang mit g3-g4 nebst f4-f5 vorruecken, waehrend er
zwischenzeitlich gegen einen eventuellen Abtausch der Tuerme in der d-Linie
nichts einzuwenden hat.}) 21... Rad8 22. Rfd2 Bc8 23. Ne4 h5 24. Nc3 Rxd2 25.
Rxd2 Nf5 26. Nd5 Be6 27. g3 Kb7 28. Nxe7 Nxe7 29. Nf3 Rf8 30. Ng5 Bf5 31. Kg2
Nc6 32. Kf3 Rd8 33. Ke3 Rxd2 34. Kxd2 Nd8 35. h4 {Die weisse Bauernmajoritaet
kann die weissen Felder nicht mehr ueberwinden; sie ist wertlos geworden!}
35... g6 36. Nf3 Kc6 37. Ne1 Kd7 38. Ng2 c6 39. Ne3 Be4 ({
Nichts sprach dagegen, den Laeufer auf f5 zu belassen und zum Beispiel} 39...
Ke6 {zu spielen.}) 40. Nf1 Ne6 41. Ke3 Bc2 42. Nd2 Ng7 43. Kf3 Nf5 {
Laengst ist es Schwarz, der besser (womoeglich gar gewinntraechtig) steht!} 44.
Bc3 Bd1+ 45. Kf2 Ke6 46. Ke1 Bc2 47. Kf2 Ng7 48. Kf3 Kf5 49. Kf2 Kg4 (49... Ne6
$5) 50. e6 Nxe6 51. Be5 Nd4 52. Bc7 b5 53. Bxa5 bxa4 54. bxa4 Bxa4 55. Nf1 Nf5
$2 (55... Bc2) (55... Kf5) 56. Kg2 Bb3 $4 {Herrje!} 57. Nh2# 1-0

[Event "66. BEM 2012"]
[Site "Dortmund"]
[Date "2012.03.01"]
[Round "3.8"]
[White "Vojdani, Bahram"]
[Black "Schiefelbusch, Dirk"]
[Result "1/2-1/2"]
[WhiteElo "1664"]
[BlackElo "2048"]
[Annotator "P. Schulenburg"]
[PlyCount "36"]
[EventDate "2012.??.??"]
[Source "SG Dortmund"]
[SourceDate "2004.12.16"]

1. Nf3 Nf6 2. c4 c6 3. b3 g6 4. Bb2 Bg7 5. e3 O-O 6. Be2 d5 7. d4 Nbd7 8. O-O
Ne4 9. Qc2 Ndf6 10. Ne5 Bf5 11. g4 Bc8 12. f3 Nd6 13. Nc3 dxc4 14. bxc4 Nd7 15.
c5 Nxe5 16. dxe5 Ne8 17. Rfd1 Qc7 18. f4 Be6 1/2-1/2

[Event "66. BEM 2012"]
[Site "Dortmund"]
[Date "2012.03.01"]
[Round "3.9"]
[White "Reinacher, Detlev"]
[Black "Gitschel, Ralf"]
[Result "0-1"]
[WhiteElo "1650"]
[BlackElo "1860"]
[Annotator "P. Schulenburg"]
[PlyCount "52"]
[EventDate "2012.??.??"]
[Source "SG Dortmund"]
[SourceDate "2004.12.16"]

1. Nf3 d5 2. g3 c5 3. d3 Nc6 4. Bg2 Nf6 5. c3 e6 6. Nbd2 Bd6 7. O-O O-O 8. a3
a5 9. Qc2 Bd7 10. e4 Rc8 11. Re1 Bb8 12. b3 d4 13. c4 h6 14. Nf1 g5 15. h4 g4
16. N3h2 Kg7 17. Qd2 Rh8 18. Qe2 e5 19. f3 gxf3 20. Bxf3 Qe7 21. Ng4 Rcg8 22.
Nfh2 Nxg4 23. Bxg4 Kf8 24. Kh1 Bxg4 25. Nxg4 Qe6 26. Bxh6+ Ke8 0-1

[Event "66. BEM 2012"]
[Site "Dortmund"]
[Date "2012.03.01"]
[Round "3.10"]
[White "Morawietz, Manuel"]
[Black "Milonas, Georgios"]
[Result "1-0"]
[WhiteElo "1836"]
[BlackElo "1583"]
[Annotator "P. Schulenburg"]
[PlyCount "163"]
[EventDate "2012.??.??"]
[Source "SG Dortmund"]
[SourceDate "2004.12.16"]

1. d4 Nf6 2. c4 e6 3. g3 d5 4. Bg2 Be7 5. Nc3 O-O 6. Nf3 Nbd7 7. O-O dxc4 8.
Qc2 c5 9. dxc5 Nxc5 10. Bf4 Qb6 11. Ne5 Qa6 12. b4 Ncd7 13. b5 Qb6 14. Nxc4 Qc5
15. Qb3 e5 16. Be3 Qb4 17. Rfb1 Qxb3 18. axb3 Bb4 19. Nd1 Bc5 20. Bxc5 Nxc5 21.
Nde3 Nce4 22. Nb6 Rb8 23. Rxa7 Nc3 24. Rb2 Nxb5 25. Ra5 Nd4 26. Rxe5 Be6 27.
Ned5 Bxd5 28. Bxd5 Nc6 29. Bxc6 bxc6 30. Na4 Rb4 31. Rc5 Rc8 32. Rc4 Rb5 33.
Nc5 h6 34. e4 Rcb8 35. f3 g6 36. Kf2 Ne8 37. Ra2 Nd6 38. Rc3 g5 39. Ra6 R8b6
40. Rxb6 Rxb6 41. Ke3 Nb5 42. Rd3 Kg7 43. f4 Na3 44. Kd4 Nc2+ 45. Kc3 Nb4 46.
Rd4 Na2+ 47. Kb2 Nb4 48. Rc4 Rb5 49. Ka3 gxf4 50. gxf4 Kg6 51. Nd7 Nd3 52.
Rxc6+ Kg7 53. Ka4 Rb4+ 54. Ka3 Rb7 55. Nc5 Ra7+ 56. Ra6 Rxa6+ 57. Nxa6 Nxf4 58.
b4 Ne6 59. Kb3 Kf6 60. Kc3 Ke5 61. Kd3 Kd6 62. Kc4 Kc6 63. Nc5 Ng5 64. b5+ Kb6
65. Nd7+ Kc7 66. Nf6 Kd6 67. h4 Nf3 68. h5 Ne5+ 69. Kd4 Nf3+ 70. Ke3 Ne5 71.
Ng8 Ke6 72. Nxh6 Kf6 73. Nf5 Kg5 74. h6 Kg6 75. Kd4 Nd7 76. Kd5 Nf6+ 77. Ke5
Nd7+ 78. Kd6 Nb6 79. Kc6 Na4 80. b6 Nxb6 81. Kxb6 Kh7 82. Kc7 1-0

[Event "66. BEM 2012"]
[Site "Dortmund"]
[Date "2012.03.01"]
[Round "3.11"]
[White "Gegner, Michael"]
[Black "Rossa, Daniel"]
[Result "0-1"]
[WhiteElo "1613"]
[BlackElo "1811"]
[Annotator "P. Schulenburg"]
[PlyCount "90"]
[EventDate "2012.??.??"]
[Source "SG Dortmund"]
[SourceDate "2004.12.16"]

1. d4 Nf6 2. Nc3 d5 3. e4 Nxe4 4. Nxe4 dxe4 5. Bc4 Nc6 6. c3 e5 7. d5 Ne7 8.
Qb3 Qd6 9. f3 exf3 10. Nxf3 Ng6 11. Be3 Be7 12. O-O O-O 13. Qc2 f5 14. b4 b6
15. Bg5 Kh8 16. Qd2 Bxg5 17. Nxg5 h6 18. Nf3 e4 19. Nd4 Ne5 20. Bb3 Bd7 21. Qe2
Rf6 22. Rad1 Ng4 23. g3 Ne5 24. Ne6 Nf3+ 25. Kg2 a5 26. bxa5 Rxa5 27. Nd4 Nxd4
28. Rxd4 Bb5 29. c4 Ba4 30. Bxa4 Rxa4 31. Rd2 Qe5 32. Re1 Qc3 33. Rc2 Qe5 34.
Rd2 Rf8 35. g4 e3 36. Qxe3 Qxe3 37. Rxe3 Rxc4 38. gxf5 Rxf5 39. Re1 Rf6 40.
Rde2 Rd6 41. Rd1 c6 42. Red2 cxd5 43. Rxd5 Rc2+ 44. Kg1 Rg6+ 45. Kh1 Rxa2 0-1

[Event "66. BEM 2012"]
[Site "Dortmund"]
[Date "2012.03.01"]
[Round "3.12"]
[White "Benke, Werner"]
[Black "Cogan, Leonid"]
[Result "0-1"]
[WhiteElo "1518"]
[BlackElo "1748"]
[Annotator "P. Schulenburg"]
[PlyCount "39"]
[EventDate "2012.??.??"]
[Source "SG Dortmund"]
[SourceDate "2004.12.16"]

1. d4 Nf6 2. c4 e6 3. Nf3 c5 4. e3 Be7 5. Be2 O-O 6. O-O d5 7. Nc3 h6 8. h3 Nc6
9. a3 b6 10. Rb1 Bb7 11. cxd5 exd5 12. b3 a6 13. Bb2 Bd6 14. Kh1 Bc7 15. Na4
cxd4 16. exd4 Ne4 17. Bd3 Qd6 18. Bc2 Bc8 19. Qe2 Re8 20. Qd1 {
und hier endet(!) die Notation mit einem Gewinnvermerk fuer Schwarz.} 0-1

[Event "66. BEM 2012"]
[Site "Dortmund"]
[Date "2012.03.01"]
[Round "3.13"]
[White "Vogt, Christian"]
[Black "Tekin, Baran"]
[Result "0-1"]
[WhiteElo "1499"]
[BlackElo "1737"]
[Annotator "P. Schulenburg"]
[PlyCount "60"]
[EventDate "2012.??.??"]
[Source "SG Dortmund"]
[SourceDate "2004.12.16"]

1. d4 g6 2. Nc3 Bg7 3. e4 d6 4. Be3 a6 5. Qd2 b5 6. Bd3 Bb7 7. f3 Nd7 8. b4 c5
9. dxc5 dxc5 10. Rb1 cxb4 11. Rxb4 Qa5 12. Nd5 Bxd5 13. exd5 Qxa2 14. Kf2 Rc8
15. Bd4 Bxd4+ 16. Rxd4 Nc5 17. Be2 Nf6 18. Nh3 O-O 19. Ng5 e5 20. dxe6 Nxe6 21.
Nxe6 fxe6 22. Bd3 e5 23. Rb4 e4 24. Be2 Rxc2 25. Qe1 Ng4+ 26. Kf1 exf3 27. gxf3
Ne5 28. Qd1 Rxf3+ 29. Bxf3 Rf2+ 30. Kg1 Nxf3+ 0-1

[Event "66. BEM 2012"]
[Site "Dortmund"]
[Date "2012.03.01"]
[Round "3.14"]
[White "Gennat, Egon L"]
[Black "Hlopotov, Oleg"]
[Result "1/2-1/2"]
[WhiteElo "1490"]
[BlackElo "1701"]
[Annotator "P. Schulenburg"]
[PlyCount "91"]
[EventDate "2012.??.??"]
[Source "SG Dortmund"]
[SourceDate "2004.12.16"]

1. c4 e5 2. Nc3 Nf6 3. Nf3 Nc6 4. e3 d5 5. cxd5 Nxd5 6. Bb5 Nxc3 7. Bxc6+ bxc6
8. dxc3 Bd6 9. O-O Ba6 10. Re1 e4 11. Nd4 Qh4 12. g3 Qh3 13. Ne2 Bc8 14. Nf4
Bxf4 15. exf4 Bf5 16. Re3 Rd8 17. Bd2 O-O 18. g4 Qxg4+ 19. Rg3 Qxd1+ 20. Rxd1
Rd6 21. Kf1 Rfd8 22. Ke2 h5 23. h3 Rd3 24. Rxd3 Rxd3 25. Be3 a6 26. Rxd3 exd3+
27. Kd2 Bxh3 28. Kxd3 Bg4 29. Ke4 f5+ 30. Ke5 g6 $2 (30... Bf3 $3 {
(U. Marienfeld)}) 31. Kf6 h4 32. f3 h3 33. Bg1 Bxf3 34. Kxg6 Bg4 35. Bh2 Kf8
36. Kf6 Ke8 37. Ke6 Kd8 38. c4 Kc8 39. c5 a5 40. Ke5 a4 41. a3 Kb7 42. Kd4 Ka6
43. Kc4 Ka5 44. Kd4 Kb5 45. Bg3 Bf3 46. Bh2 1/2-1/2

[Event "66. BEM 2012"]
[Site "Dortmund"]
[Date "2012.03.01"]
[Round "3.15"]
[White "Ziemek, Gerhard"]
[Black "Siwy, Boguslaw"]
[Result "1-0"]
[WhiteElo "1669"]
[BlackElo "1403"]
[Annotator "P. Schulenburg"]
[PlyCount "51"]
[EventDate "2012.??.??"]
[Source "SG Dortmund"]
[SourceDate "2004.12.16"]

1. d4 d5 2. e4 dxe4 3. Nc3 Nf6 4. f3 exf3 5. Nxf3 Bg4 6. Bc4 e6 7. O-O a6 8.
Bg5 Be7 9. Qd2 O-O 10. Rad1 c6 11. Qf2 b5 12. Be2 b4 13. Bxf6 Bxf6 14. Ne4 Nd7
15. Qg3 Bf5 16. Bd3 Be7 17. Kh1 Bxe4 18. Bxe4 Rc8 19. Qh3 g6 20. Qg3 f5 21. Bd3
a5 22. Rfe1 Kf7 23. Bc4 Kg7 24. Bxe6 Rc7 25. Bb3 Nf6 26. Ng5 1-0

[Event "66. BEM 2012"]
[Site "Dortmund"]
[Date "2012.03.01"]
[Round "3.16"]
[White "Grawe, Herbert"]
[Black "Raskin, Vitali"]
[Result "0-1"]
[WhiteElo "1385"]
[BlackElo "1667"]
[Annotator "P. Schulenburg"]
[PlyCount "46"]
[EventDate "2012.??.??"]
[Source "SG Dortmund"]
[SourceDate "2004.12.16"]

1. Nc3 Nf6 2. e4 e5 3. Bc4 Nc6 4. a3 Nxe4 5. Bxf7+ Kxf7 6. Nxe4 d5 7. Ng3 Be7
8. Qf3+ Bf6 9. c3 Rf8 10. Qd3 e4 11. Qc2 Ne5 12. Nxe4 dxe4 13. Qxe4 Nd3+ 14.
Kf1 Re8 15. Qc4+ Be6 16. Qb5 a6 17. Qh5+ Kg8 18. Nf3 Bc4 19. Kg1 Nf4 20. Qxe8+
Qxe8 21. g3 Qe2 22. d3 Qxf3 23. Bxf4 Bd5 0-1

[Event "66. BEM 2012"]
[Site "Dortmund"]
[Date "2012.03.01"]
[Round "3.17"]
[White "Duschek, Günter"]
[Black "Schmidt, Andreas N"]
[Result "1-0"]
[WhiteElo "1580"]
[BlackElo "792"]
[Annotator "P. Schulenburg"]
[PlyCount "77"]
[EventDate "2012.??.??"]
[Source "SG Dortmund"]
[SourceDate "2004.12.16"]

1. d4 Nf6 2. Nf3 d5 3. Bf4 Nc6 4. e3 Bf5 5. c3 a6 6. Qb3 Na5 7. Qa4+ c6 8. b4
b5 9. Qxa5 Qxa5 10. bxa5 e6 11. Ne5 c5 12. Be2 Bd6 13. Nxf7 Kxf7 14. Bxd6 c4
15. f3 Rhd8 16. Bb4 Kg8 17. h4 Nh5 18. Kf2 Ra7 19. g4 Bxb1 20. Raxb1 Nf6 21. g5
Ne8 22. f4 Rf7 23. Bg4 Nc7 24. Bc5 Re8 25. Bd6 Na8 26. h5 g6 27. hxg6 hxg6 28.
Be5 Rh7 29. Rxh7 Kxh7 30. Rh1+ Kg8 31. Rh8+ Kf7 32. Rxe8 Kxe8 33. Bxe6 Kd8 34.
Bxd5 Nc7 35. Bxc7+ Kxc7 36. a3 Kd6 37. Bf7 b4 38. axb4 Kc6 39. Bxc4 1-0

[Event "66. BEM 2012"]
[Site "Dortmund"]
[Date "2012.03.01"]
[Round "3.19"]
[White "Hlopotov, Nikita"]
[Black "Strotmann, Dieter"]
[Result "1/2-1/2"]
[WhiteElo "1405"]
[BlackElo "1362"]
[Annotator "P. Schulenburg"]
[PlyCount "62"]
[EventDate "2012.??.??"]
[Source "SG Dortmund"]
[SourceDate "2004.12.16"]

1. e4 d6 2. d4 Nf6 3. Nc3 g6 4. Nf3 Bg7 5. Bc4 O-O 6. Bf4 Bg4 7. h3 Bxf3 8.
Qxf3 Nc6 9. O-O-O Qc8 10. g4 e5 11. dxe5 dxe5 12. Bg5 Nd4 13. Qe3 a6 14. f4 Nc6
15. f5 Nd4 16. Bh6 Kh8 17. Rhg1 Ng8 18. Bxg7+ Kxg7 19. fxg6 fxg6 20. Ne2 b5 21.
Bxg8 Kxg8 22. Nxd4 exd4 23. Qxd4 Rd8 24. Qe5 Re8 25. Qd5+ Qe6 26. Rge1 c6 27.
Qc5 Qxa2 28. Qc3 Qa1+ 29. Kd2 Rad8+ 30. Ke2 Rxd1 31. Rxd1 Rxe4+ 1/2-1/2

[Event "66. BEM 2012"]
[Site "Dortmund"]
[Date "2012.03.01"]
[Round "3.20"]
[White "Heselmeyer, Wolfgang"]
[Black "Skoecz, Horst"]
[Result "1/2-1/2"]
[WhiteElo "1349"]
[BlackElo "1164"]
[Annotator "P. Schulenburg"]
[PlyCount "93"]
[EventDate "2012.??.??"]
[Source "SG Dortmund"]
[SourceDate "2004.12.16"]

1. e4 e6 2. d4 c6 3. Nf3 d6 4. Bd3 a6 5. O-O Be7 6. c3 Nf6 7. Re1 Nbd7 8. Qc2
e5 9. Bg5 Nh5 10. Bxe7 Qxe7 11. g3 Qf6 12. Qe2 Qg6 13. Kh1 Qg4 14. Qe3 h6 15.
Be2 Qh3 16. Ng1 Qe6 17. Bxh5 g5 18. Bd1 Nf6 19. Nd2 b5 20. Qd3 Ng4 21. Bxg4
Qxg4 22. f3 Qd7 23. Rad1 Ra7 24. Nf1 Qe7 25. Ne3 Rd7 26. d5 c5 27. Nf5 Qf6 28.
Rf1 c4 29. Qe3 h5 30. Nh3 Rg8 31. Rd2 g4 32. Ng1 Qg6 33. f4 Rb7 34. fxe5 Bxf5
35. exf5 Qg5 36. Qe2 Re7 37. e6 f6 38. Qf2 h4 39. Rd4 hxg3 40. Qxg3 Kf8 41.
Rff4 Reg7 42. Rde4 Ke7 43. Ne2 Qh5 44. Ng1 Rg5 45. Kg2 Rxf5 46. Rxg4 Rfg5 47.
h3 {Der Rest der Partie ist nicht rekonstruierbar.} 1/2-1/2

[Event "66. BEM 2012"]
[Site "Dortmund"]
[Date "2012.03.01"]
[Round "3.21"]
[White "Koch, Detlev"]
[Black "Dirks, Rainer"]
[Result "0-1"]
[WhiteElo "1341"]
[BlackElo "1120"]
[Annotator "P. Schulenburg"]
[PlyCount "88"]
[EventDate "2012.??.??"]
[Source "SG Dortmund"]
[SourceDate "2004.12.16"]

1. d4 d5 2. c4 e5 3. dxe5 d4 4. a3 Nc6 5. Nf3 h6 6. Bf4 g5 7. Bg3 Bg7 8. Nbd2
Nge7 9. Nb3 Nf5 10. Qd3 g4 11. Nfd2 Nxg3 12. hxg3 Nxe5 13. Qe4 f5 14. Qd5 Qxd5
15. cxd5 Nf7 16. Nc5 b6 17. Ne6 Bxe6 18. dxe6 Nd6 19. Rc1 c5 20. b4 Rc8 21. e3
dxe3 22. fxe3 Bb2 23. Rb1 Bxa3 24. b5 Bb4 25. Rxb4 cxb4 26. Kd1 Ke7 27. Bd3
Kxe6 28. Rh5 Kf6 29. e4 Kg6 30. Rh4 Rc3 31. Bb1 Rxg3 32. exf5+ Nxf5 33. Bxf5+
Kxf5 34. Rh5+ Kg6 35. Rd5 Rxg2 36. Rd7 Ra8 37. Rd6+ Kh5 38. Rd5+ Kh4 39. Nb3
Rf8 40. Ke1 g3 41. Rd4+ Kg5 42. Rd5+ Rf5 43. Rd8 Rff2 44. Rd5+ Kh4 0-1

[Event "66. BEM 2012"]
[Site "Dortmund"]
[Date "2012.03.01"]
[Round "3.22"]
[White "Böckmann, Lieselotte"]
[Black "Jentzsch, Werner Wilfried"]
[Result "0-1"]
[WhiteElo "930"]
[BlackElo "1317"]
[Annotator "P. Schulenburg"]
[PlyCount "58"]
[EventDate "2012.??.??"]
[Source "SG Dortmund"]
[SourceDate "2004.12.16"]

1. c4 e6 2. Nc3 d5 3. e3 dxc4 4. Bxc4 Nf6 5. d4 c5 6. d5 exd5 7. Nxd5 Nxd5 8.
Ne2 Be6 9. b3 Nc6 10. O-O Be7 11. Bb2 O-O 12. a3 a6 13. Bd3 b5 14. Qc1 Qc7 15.
f4 f5 16. Ng3 Rad8 17. Nh5 Nf6 18. Be2 Nxh5 19. Bxh5 Bxb3 20. Qc3 Bf6 21. Qxb3+
Kh8 22. Bxf6 Rxf6 23. Bf3 c4 24. Qc2 Rd3 25. Bxc6 Qxc6 26. Qf2 Rfd6 27. Rae1 c3
28. Qc2 Rd2 29. e4 Rxc2 0-1

[Event "66. BEM 2012"]
[Site "Dortmund"]
[Date "2012.03.01"]
[Round "3.23"]
[White "Krüger, Inge"]
[Black "Reker, Gerhard"]
[Result "1/2-1/2"]
[WhiteElo "1303"]
[BlackElo "756"]
[Annotator "P. Schulenburg"]
[PlyCount "68"]
[EventDate "2012.??.??"]
[Source "SG Dortmund"]
[SourceDate "2004.12.16"]

1. d4 d5 2. c4 Nf6 3. Nf3 dxc4 4. Nc3 Be6 5. e3 Bd5 6. Be2 Nc6 7. O-O e6 8. a3
Bd6 9. Qc2 Ng4 10. e4 Nxh2 11. Nxh2 Bxh2+ 12. Kxh2 Qh4+ 13. Kg1 Nxd4 14. Qa4+
Bc6 15. Qxc4 Nxe2+ 16. Nxe2 Qxe4 17. Qxe4 Bxe4 18. Nc3 Bd3 19. Re1 O-O 20. Bf4
Rac8 21. Rad1 Bf5 22. Nb5 a6 23. Nxc7 h6 24. Rc1 Rfd8 25. f3 Rd4 26. Be3 Rd7
27. Bb6 Rd6 28. Ba5 Rd4 29. Bb6 Rd2 30. b3 Rd3 31. Ba5 Rxb3 32. Bb4 Rd3 33. Re5
Rd7 34. Rec5 g5 1/2-1/2

[Event "66. BEM 2012"]
[Site "Dortmund"]
[Date "2012.03.05"]
[Round "4.1"]
[White "Schmittdiel, Eckhard"]
[Black "Hoppe, Dirk"]
[Result "1-0"]
[WhiteElo "2408"]
[BlackElo "1865"]
[Annotator "P. Schulenburg"]
[PlyCount "87"]
[EventDate "2012.??.??"]
[Source "SG Dortmund"]
[SourceDate "2004.12.16"]

1. e4 e6 2. d4 d5 3. Nc3 dxe4 4. Nxe4 Nd7 5. Nf3 Ngf6 6. Bg5 Be7 7. Nxf6+ Bxf6
8. Qd2 a6 9. O-O-O b5 10. d5 Nb6 11. dxe6 Qxd2+ 12. Rxd2 Bxe6 13. Bxf6 gxf6 14.
Nd4 Rd8 15. Nxe6 fxe6 16. Re2 Kf7 17. g3 e5 18. Bg2 b4 19. Rhe1 Rhe8 20. Be4 a5
21. Bf5 h6 22. Re4 Nc8 23. Rc4 Re7 24. Rc5 Nd6 25. Bg4 Ra8 26. Bf3 Ra6 27. Be2
Ra7 28. c3 Kg7 29. Bd1 Re8 30. Ba4 Rb8 31. c4 Rd8 32. Rd5 Raa8 33. Red1 Nf7 34.
Rd7 c5 35. R1d5 Rac8 36. Bd1 Kg6 37. Bc2+ Kg7 38. h4 Rxd7 39. Rxd7 Rd8 40. Rc7
Rd4 41. Rxc5 Nd6 42. Rc7+ Kg8 43. c5 Nb5 44. Rb7 1-0

[Event "66. BEM 2012"]
[Site "Dortmund"]
[Date "2012.03.05"]
[Round "4.2"]
[White "Kropp, Andreas"]
[Black "Jelica, Mara"]
[Result "0-1"]
[WhiteElo "1940"]
[BlackElo "2221"]
[Annotator "P. Schulenburg"]
[PlyCount "194"]
[EventDate "2012.??.??"]
[Source "SG Dortmund"]
[SourceDate "2004.12.16"]

1. c4 c5 2. g3 g6 3. Bg2 Bg7 4. Nf3 Nf6 5. O-O O-O 6. Nc3 Nc6 7. a3 d6 8. Rb1
Bf5 9. d3 Qd7 10. Re1 Bh3 11. Bh1 a5 12. Bd2 h6 13. e3 Qf5 14. e4 Qh5 15. Ne2
g5 16. Bc3 Bg4 17. Nd2 Bxe2 18. Rxe2 Ng4 19. Nf1 Nge5 20. Re3 g4 21. f4 gxf3
22. Bxf3 Nxf3+ 23. Qxf3 Qg6 24. Ree1 Bd4+ 25. Bxd4 Nxd4 26. Qg2 Qf6 27. Kh1 Nf3
28. Re2 Ne5 29. Rd1 Rab8 30. a4 Kh7 31. Rf2 Qg6 32. Ne3 e6 33. Rf4 Rg8 34. b3
Rg7 35. Qd2 Qh5 36. Kg2 Ng6 37. Rf2 Qg5 38. Kh1 h5 39. Ng2 Qd8 40. Qe2 Qg5 41.
Qd2 Qxd2 42. Rdxd2 Rbg8 43. Nf4 Kh6 44. Rd1 Ne5 45. Ne2 h4 46. gxh4 Rg4 47. d4
cxd4 48. Rxd4 Rxh4 49. Rxd6 Rxe4 50. Ng3 Re1+ 51. Kg2 Rb1 52. Rb6 Nxc4 53. Rxb7
Nd6 54. Rb6 Rd1 55. Rc2 Nf5 56. Rc3 Nd6 57. Rc2 Rd3 58. Kf2 Rg5 59. Re2 Kg7 60.
Re3 Rd4 61. Kf3 Nf5 62. Nxf5+ Rxf5+ 63. Kg3 Rg5+ 64. Kf3 Rd2 65. h4 Rgg2 66.
Rd3 Rdf2+ 67. Ke3 f5 68. Kd4 Kf6 69. Re3 Rd2+ 70. Kc3 Rc2+ 71. Kd4 Rgd2+ 72.
Rd3 Rxd3+ 73. Kxd3 Rh2 74. Rb5 e5 75. Rxa5 Rh3+ 76. Kc4 Rxh4+ 77. Kc5 f4 78.
Ra8 Rh7 79. Kd5 Rd7+ 80. Kc6 Rf7 81. Kd5 Kf5 82. Re8 Rd7+ 83. Kc6 Rd1 84. a5 f3
85. a6 Ra1 86. Rf8+ Kg4 87. Kb7 e4 88. a7 e3 89. Rg8+ Kf4 90. Rf8+ Kg3 91. Rg8+
Kf2 92. a8=Q Rxa8 93. Kxa8 e2 94. Re8 e1=Q 95. Rxe1 Kxe1 96. b4 f2 97. b5 f1=Q
0-1

[Event "66. BEM 2012"]
[Site "Dortmund"]
[Date "2012.03.05"]
[Round "4.3"]
[White "Zelt, Jens"]
[Black "Begna, Bozidar"]
[Result "1-0"]
[WhiteElo "1993"]
[BlackElo "2000"]
[Annotator "P. Schulenburg"]
[PlyCount "85"]
[EventDate "2012.??.??"]
[Source "SG Dortmund"]
[SourceDate "2004.12.16"]

1. d4 d6 2. e3 c5 3. dxc5 Qa5+ 4. Bd2 Qxc5 5. c4 Nf6 6. Nc3 Nc6 7. a3 a5 8. Na4
Qf5 9. Nb6 Rb8 10. Nxc8 Rxc8 11. Nf3 Ne4 12. Be2 Nxd2 13. Nxd2 Qd7 14. O-O g6
15. Ne4 Bg7 16. Qd2 O-O 17. Rac1 a4 18. Nc5 Qc7 19. Nxa4 Na5 20. Qd1 Ra8 21. b4
Nc6 22. Qb3 b6 23. Nc3 Qa7 24. Nb5 Qa4 25. Qb1 Rfc8 26. Bd1 Qa6 27. Bf3 Rab8
28. Bxc6 Rxc6 29. Qe4 Qb7 30. Nd4 Rcc8 31. Qd3 Qa6 32. Nc6 Rb7 33. b5 Qa4 34.
Rb1 Ra8 35. Rb3 e6 36. Rfb1 Rd7 37. e4 h5 38. h3 Kh7 39. g3 Kg8 40. h4 Kh7 41.
Re1 Kg8 42. Re3 Kh7 43. Rb4 1-0

[Event "66. BEM 2012"]
[Site "Dortmund"]
[Date "2012.03.05"]
[Round "4.4"]
[White "Gitschel, Ralf"]
[Black "Sonntag, Joachim"]
[Result "1/2-1/2"]
[WhiteElo "1860"]
[BlackElo "1752"]
[Annotator "P. Schulenburg"]
[PlyCount "58"]
[EventDate "2012.??.??"]
[Source "SG Dortmund"]
[SourceDate "2004.12.16"]

1. e4 c5 2. c3 e6 3. d4 d5 4. exd5 Qxd5 5. Nf3 Nc6 6. Be2 Nf6 7. O-O Be7 8. Na3
a6 9. Nc4 Qd8 10. Bf4 O-O 11. Nce5 Nxe5 12. dxe5 Nd5 13. Bd2 Qc7 14. Qa4 f6 15.
exf6 Bxf6 16. Qe4 Qe7 17. Bd3 g6 18. Ne5 Bxe5 19. Qxe5 Qc7 20. Qxc7 Nxc7 21.
Bg5 Kf7 22. Be4 e5 23. Rad1 Ne6 24. Bh4 Nf4 25. Bd5+ Be6 26. Bxe6+ Kxe6 27.
Rfe1 c4 28. Re4 Nd3 29. Rd2 Rf4 {(=)} 1/2-1/2

[Event "66. BEM 2012"]
[Site "Dortmund"]
[Date "2012.03.05"]
[Round "4.5"]
[White "Cogan, Leonid"]
[Black "Zachos, Ingo"]
[Result "0-1"]
[WhiteElo "1748"]
[BlackElo "1851"]
[Annotator "P. Schulenburg"]
[PlyCount "46"]
[EventDate "2012.??.??"]
[Source "SG Dortmund"]
[SourceDate "2004.12.16"]

1. e4 d6 2. d4 Nf6 3. Nc3 g6 4. f4 Bg7 5. Nf3 O-O 6. Bd3 Na6 7. O-O c5 8. d5
Rb8 9. a3 Nc7 10. a4 b6 11. Qe1 a6 12. Qe2 b5 13. axb5 axb5 14. Nxb5 Nxb5 15.
Bxb5 Nxe4 16. Bd3 Nf6 17. c4 Re8 18. Rb1 e6 19. dxe6 Bxe6 20. Qc2 d5 21. cxd5
Bxd5 22. Bd2 Bb3 23. Qc3 Ne4 0-1

[Event "66. BEM 2012"]
[Site "Dortmund"]
[Date "2012.03.05"]
[Round "4.6"]
[White "Lauche, Christoph"]
[Black "Tekin, Baran"]
[Result "1-0"]
[WhiteElo "1841"]
[BlackElo "1737"]
[Annotator "P. Schulenburg"]
[PlyCount "79"]
[EventDate "2012.??.??"]
[Source "SG Dortmund"]
[SourceDate "2004.12.16"]

1. d4 Nf6 2. Nf3 g6 3. e3 Bg7 4. Be2 d6 5. O-O Nbd7 6. c4 O-O 7. Nc3 c5 8. Re1
a6 9. h3 Ne8 10. e4 Nc7 11. Be3 b6 12. Qd2 Re8 13. Rad1 Rb8 14. a4 Ne6 15. d5
Nc7 16. Nh2 b5 17. axb5 axb5 18. cxb5 Nf6 19. f4 Bb7 20. Bf3 e6 21. dxe6 Rxe6
22. Bxc5 Qe8 23. Bxd6 Rd8 24. e5 Bxf3 25. Nxf3 Nxb5 26. Nxb5 Qxb5 27. Nd4 Qb6
28. Qf2 Ne4 29. Rxe4 Rdxd6 30. Rde1 Re7 31. Nf3 Qb7 32. exd6 Rxe4 33. Rxe4 Qxe4
34. Qb6 Qd5 35. Qd8+ Bf8 36. d7 Kg7 37. Qe8 Bc5+ 38. Kh2 Qf5 39. Qe5+ Qxe5 40.
Nxe5 1-0

[Event "66. BEM 2012"]
[Site "Dortmund"]
[Date "2012.03.05"]
[Round "4.8"]
[White "Rossa, Daniel"]
[Black "Ziemek, Gerhard"]
[Result "1-0"]
[WhiteElo "1811"]
[BlackElo "1669"]
[Annotator "P. Schulenburg"]
[PlyCount "71"]
[EventDate "2012.??.??"]
[Source "SG Dortmund"]
[SourceDate "2004.12.16"]

1. d4 d5 2. c4 c6 3. Nf3 Nf6 4. e3 g6 5. Nc3 Bg7 6. Qb3 O-O 7. Bd2 Ne4 8. cxd5
Nxd2 9. Nxd2 cxd5 10. Qxd5 Qb6 11. Qb5 Qf6 12. Nd5 Qd6 13. Nc4 Qd8 14. Nf4 Nc6
15. Be2 a6 16. Qb6 Qd7 17. O-O e5 18. dxe5 Nxe5 19. Nxe5 Bxe5 20. Rfd1 Qe8 21.
Nd3 Bg7 22. Bf3 Bf5 23. Nc5 Qb5 24. Qxb5 axb5 25. Rd2 Rfd8 26. Rxd8+ Rxd8 27.
g4 Bc8 28. Nxb7 Rd2 29. Rb1 Be6 30. b3 Rxa2 31. Nc5 Bc8 32. b4 Bc3 33. h3 Rc2
34. Be4 Ra2 35. Bc6 f5 36. Bd5+ 1-0